000
00325pam a2200133a 44500
008
230405s2004 xxu||||| |||| 00| 0 eng d
041
_a
ENG
100
_a
P S KALSI
245
_a
SPECTROSCOPY OF ORAGANIC COMPOUNDS
250
_a
6
260
_a
NEW YORK
_b
JOHN WILLY & SONS NEW YORK
_c
2004
300
_a
631
906
_a
3917
999
_c
279188
_d
279188